Tractado de amiçiçia / (Record no. 113044)

MARC details
000 -LEADER
campo de control de longitud fija 00829nam a2200217 4500
001 - NÚMERO DE CONTROL
campo de control 113044
003 - IDENTIFICADOR DE NÚMERO DE CONTROL
campo de control ES-MaACL
005 - FECHA Y HORA DE LA ÚLTIMA TRANSACCIÓN
campo de control 20250807071712.0
007 - CAMPO FIJO DE DESCRIPCIÓN FÍSICA--INFORMACIÓN GENERAL
campo de control de longitud fija t|
008 - DATOS DE LONGITUD FIJA--INFORMACIÓN GENERAL
campo de control de longitud fija 061121s1906 fr |||| | spa d
080 ## - NÚMERO DE LA CLASIFICACIÓN DECIMAL UNIVERSAL
Número de la Clasificación Decimal Universal 177.6
100 1# - ENTRADA PRINCIPAL--NOMBRE DE PERSONA
Nombre de persona Núñez, Ferrán.
9 (RLIN) 86151
245 10 - MENCIÓN DEL TÍTULO
Título Tractado de amiçiçia /
Mención de responsabilidad, etc. Ferrán Núñez ; [prólogo de A. Bonilla y San y San Martín].
260 ## - PUBLICACIÓN, DISTRIBUCIÓN, ETC.
Lugar de publicación, distribución, etc. New York ;
-- Paris :
Nombre del editor, distribuidor, etc. [s.n.],
Fecha de publicación, distribución, etc. 1906 (
Lugar de fabricación/manufactura Macon :
Fabricante Protat Frères, Imp.)
300 ## - DESCRIPCIÓN FÍSICA
Extensión 40 p. ;
Dimensiones 25 cm.
595 ## -
-- Es tirada aparte de la "Revue Hispanique", v. XIV.
650 07 - PUNTO DE ACCESO ADICIONAL DE MATERIA--TÉRMINO DE MATERIA
Término de materia o nombre geográfico como elemento de entrada Amistad
Fuente del encabezamiento o término embne
9 (RLIN) 9752
700 1# - ENTRADA AGREGADA--NOMBRE PERSONAL
Nombre de persona Bonilla y San Martín, Adolfo,
Fechas asociadas al nombre 1875-1926
9 (RLIN) 30193
852 ## - LOCALIZACIÓN
Ubicación ES-MaACL
Número de control de estantería T-1123-F-1
Nota libre . - Dedicatoria autógrafa de Adolfo Bonilla y San Martín
-- . - Enc. en vol. facticio; con otras obras
Holdings
Estatus retirado Estado de pérdida Estado de daño No para préstamo Colección Biblioteca de origen Biblioteca actual Ubicación en estantería Fecha de adquisición Fuente de adquisición Total de préstamos Signatura topográfica completa Código de barras Visto por última vez Precio de reemplazo Tipo de ítem Koha
        Colección de folletos Biblioteca del Ateneo de Madrid Biblioteca del Ateneo de Madrid Depósito folletos 17/01/2008     T-1123-F-1 1117913 23/02/2023 23/02/2023 Folleto